000
00299nam a2200133Ia 4500
008
150301s2015 xx 000 0 und d
082
_a
615.1
_b
P14G
100
_a
A.K GUPTA
245
_a
PHARMACEUTICS -| (N P)
260
_b
CBS- DELHI
300
_a
96
650
_a
PHARMACEUTICS
942
_2
ddc
_c
BK
999
_c
7192
_d
7192